| 000 | 01759cam a22004574i 4500 | ||
|---|---|---|---|
| 003 | PE-LiUPU | ||
| 005 | 20250731173256.0 | ||
| 008 | 150616s r 000 0 d | ||
| 020 | _a8472850412 | ||
| 035 | _a(Sirsi) i9788472850415 | ||
| 040 |
_aPE-LiUPU _bspa _cPE-LiUPU _erda |
||
| 049 | _aPRUA | ||
| 082 | 0 | 4 |
_a261.83 _bS31 _221 |
| 100 | 1 |
_aSchaeffer, Francis A., _eautor. |
|
| 245 | 1 | 3 | _aLa iglesia al final del siglo XX. |
| 264 | 1 |
_aBarcelona : _bEdiciones Evangélicas Europeas, _c1973. |
|
| 300 |
_a208 páginas ; _c17 centímetros |
||
| 336 |
_atext _2rdacontent |
||
| 337 |
_aunmediated _2rdamedia |
||
| 338 |
_avolume _2rdacarrier |
||
| 505 | 0 | _aRaices de la revolución estudiantil -- La revolución estudiantol internacional -- La iglesia en una cultura agonizante -- Forma y libertad en la iglesia -- La práctica de la comunidad y la libertad -- La amenaza del silencio -- El hombre moderno como manipulador -- El cristianismo revolucionario -- Adulterio y apostacía -- La marca del cristiano. | |
| 526 | _aSEG42 | ||
| 526 | _aSEG41 | ||
| 526 | _aSEG40 | ||
| 526 | _aSEG39 | ||
| 526 | _aP94 | ||
| 526 | _aP87 | ||
| 526 | _aP86 | ||
| 526 | _aP85 | ||
| 526 | _aP77 | ||
| 526 | _aP76 | ||
| 526 | _aP35 | ||
| 650 | 0 | 4 | _aTEOLOGIA SOCIAL. |
| 910 |
_ajck _bjvq _cjck |
||
| 942 |
_2ddc _cBOOK |
||
| 949 |
_a261.83 S31 _wDEWEY _c1 _i16690 _lCCODEBUL1 _mBUL _r0 _sY _tBOOK _u2015-6-16 _xTEOLOGIA _zUNKNOWN _0COMPRA _o.STAFF. Colección General |
||
| 994 |
_aC0 _bPEPRU |
||
| 596 | _a1 | ||
| 999 |
_a261.83 S31 _wDEWEY _c43792 _i16690 _f2021-11-12 _g5 _lCCODEBUL1 _mBUL _r0 _sY _tBOOK _u2015-6-16 _xTEOLOGIA _zUNKNOWN _0COMPRA _o.STAFF. Colección General _d43792 |
||
| 980 |
_81 _gALBERTO SANCHEZ Responsable de Automatización |
||